00488nam a22001577a 450000500170000001000150001702000260003203500130005803700130007108200130008410000190009724500940011626000370021027000570024730000260030420150804112503.0 aENG-113246 c495.00a9789385288005 aEN-96778 bDBAD/PUB a306.0954 aMander, Harsh  aLooking away : cby Harsh Mander binequality, prejudice and indifference in new India /  aNew Delhi bSpeaking Tigerc2015 a4381/4, Ansari Road, Daryaganj, bNew Delhi e110002 axliv,418p.c23cm(pbk)